| 000 | 00388nam a2200157Ia 4500 | ||
|---|---|---|---|
| 008 | 230524s9999 xx 000 0 und d | ||
| 082 |
_a510.4338 _bSAS |
||
| 100 | _aS.S Sastry | ||
| 245 | 0 | _aIntroductory Methods of Numerical Analysis | |
| 250 | _a3RD | ||
| 260 |
_aNEW DELHI _bPHI _c1999 |
||
| 300 | _aXVI;380 | ||
| 500 | _aQuantity Number: 4 | ||
| 650 | _aMathematics | ||
| 942 | _cBK | ||
| 999 |
_c15164 _d15164 |
||